| 000 | 00580cam a22001452 4500 | ||
|---|---|---|---|
| 082 |
_a516.23 _bCOR _cL-2, P-48 |
||
| 100 | 1 |
_aBell, Robert John Tainsh, _939368 |
|
| 245 | 1 | 0 |
_aCoordinate solid geometry; _bbeing chapters I-IX of "An elementary treatise on coordinate geometry of three dimensions", _cby Robert J.T. Bell ... |
| 260 |
_aLondon, _bMacmillan and co., limited, _c1938. |
||
| 300 |
_a3 p.l., [ix]-xiii, 175, xliii p. _bdiagrs. _c22 cm. |
||
| 526 |
_a0 _b0 _c0 _d516_230000000000000_COR |
||
| 650 | 0 |
_aGeometry, Analytic _xSolid. _939369 |
|
| 650 | 0 |
_aMCE _9379 |
|
| 942 |
_2ddc _cBK |
||
| 999 |
_c543868 _d543868 |
||